Normal view
MARC view
Entry Personal Name
001 - CONTROL NUMBER
- control field: 470077
003 - CONTROL NUMBER IDENTIFIER
- control field:
005 - DATE AND TIME OF LATEST TRANSACTION
- control field: 20210602133739.0
008 - FIXED-LENGTH DATA ELEMENTS
- fixed length control field: 210602|| aca||aabn | a|a d
040 ## - CATALOGING SOURCE
- Original cataloging agency:
- Transcribing agency:
100 ## - HEADING--PERSONAL NAME
- Personal name: Taussig, Frederick J.
- Fuller form of name: (Frederick Joseph),
- Dates associated with a name: 1872-1943
670 ## - SOURCE DATA FOUND
- Source citation: Work cat.: (): Taussig, Frederick J. (Frederick Joseph), 1872-1943, Diseases of the vulva /, 1931
